[Event "32nd WCh U20 Girls"]
[Site "Pune IND"]
[Date "2014.10.07"]
[Round "2.19"]
[White "Bengtsson, Jessica"]
[Black "Gelip, Ioana"]
[Result "1/2-1/2"]
[WhiteElo "1943"]
[BlackElo "2154"]
[EventDate "2014.10.06"]
[PlyCount "82"]

1.e4 e6 2.d4 d5 3.e5 c5 4.c3 Nc6 5.Nf3 Bd7 6.Be2 Nge7 7.Na3 cxd4 8.cxd4 
Nf5 9.Nc2 Nb4 10.O-O Nxc2 11.Qxc2 Qb6 12.Rd1 Rc8 13.Qb3 Qxb3 14.axb3 a6 
15.g4 Ne7 16.Bd2 Nc6 17.Rdc1 Be7 18.Be3 O-O 19.Ne1 Nb4 20.Rc3 Bd8 21.Rxc8 
Bxc8 22.Rc1 Bd7 23.Nc2 Nc6 24.Ne1 Bb6 25.Nf3 Rc8 26.Kf1 Rc7 27.g5 Kf8 28.
Rc3 Ke7 29.Bd3 Nb4 30.Be2 Nc2 31.Bd2 Rc6 32.Rxc6 Bxc6 33.Bc3 a5 34.h4 a4 
35.bxa4 Bxa4 36.Bd3 g6 37.Ke2 Na1 38.Nd2 Nb3 39.Nxb3 Bxb3 40.Bb4+ Kd7 41.
Bb5+ Kd8 1/2-1/2

[Event "32nd WCh U20 Girls"]
[Site "Pune IND"]
[Date "2014.10.07"]
[Round "2.20"]
[White "Vaishali, Ramesh Babu"]
[Black "Krumova, Ani"]
[Result "0-1"]
[WhiteElo "2124"]
[BlackElo "1998"]
[EventDate "2014.10.06"]
[PlyCount "108"]

1.e4 c5 2.Nc3 Nc6 3.f4 g6 4.Nf3 Bg7 5.Bb5 Nd4 6.Nxd4 cxd4 7.Ne2 Nh6 8.O-O 
O-O 9.Bd3 d6 10.b3 f5 11.Ng3 e5 12.exf5 gxf5 13.fxe5 dxe5 14.Ba3 Rf6 15.
Qh5 f4 16.Ne4 Rg6 17.Nf2 Rg5 18.Qe2 Bd7 19.Be4 Bc6 20.Rfe1 Kh8 21.Nh3 Rg4 
22.c4 Qf6 23.Nf2 Rg5 24.Bxc6 Qxc6 25.Qe4 Qd7 26.Kh1 Nf5 27.Nh3 Rg6 28.Re2 
Rg8 29.Rf1 Bf6 30.Nxf4 exf4 31.Rxf4 Ng7 32.Qf3 Bg5 33.Rf8 Ne6 34.Rf7 Qc6 
35.Qxc6 bxc6 36.Bd6 Bh6 37.Rxa7 Bg7 38.Re7 Ng5 39.Bc5 Bf6 40.Rc7 Ne6 41.
Rxc6 Nxc5 42.Rxc5 d3 43.Re1 Rxg2 44.Rd1 Bd4 45.Rc8 Re2 46.Rxg8+ Kxg8 47.b4
Kg7 48.c5 Kf6 49.a4 Kf5 50.c6 Be5 51.b5 Kg4 52.Rc1 Kh3 53.Kg1 Bd4+ 54.Kf1 
Rxh2 0-1

[Event "32nd WCh U20 Girls"]
[Site "Pune IND"]
[Date "2014.10.07"]
[Round "2.21"]
[White "Bidhar, Rutumbara"]
[Black "Monpeurt, Cyrielle"]
[Result "0-1"]
[WhiteElo "1780"]
[BlackElo "2115"]
[EventDate "2014.10.06"]
[PlyCount "120"]

1.d4 Nf6 2.Nf3 c5 3.c3 cxd4 4.cxd4 d5 5.g3 Nc6 6.Bg2 Bf5 7.O-O e6 8.a3 Be7
9.Nc3 h6 10.b4 O-O 11.Bb2 Rc8 12.Rc1 Nb8 13.Ne5 Nbd7 14.Re1 Nb6 15.Na4 
Nfd7 16.Nxd7 Nxd7 17.Nc5 b6 18.Nxd7 Qxd7 19.Qb3 Bg5 20.e3 Rxc1 21.Rxc1 Rc8
22.Rxc8+ Qxc8 23.Qc3 Qxc3 24.Bxc3 Bd3 25.h4 Bf6 26.f3 Kf8 27.Kf2 Ke8 28.
Bf1 Bxf1 29.Kxf1 b5 30.Ke2 h5 31.Kd3 Bd8 32.e4 f6 33.exd5 exd5 34.Ke3 Kf7 
35.g4 g5 36.hxg5 fxg5 37.gxh5 Kg7 38.Kf2 Kh6 39.f4 Kxh5 40.fxg5 Bxg5 41.
Bb2 Kg4 42.Ke2 Kf5 43.Kd3 Bf4 44.Bc3 Bc1 45.Kc2 Be3 46.Kd3 Kf4 47.Bb2 Kf3 
48.a4 a6 49.axb5 axb5 50.Bc3 Bc1 51.Be1 Bg5 52.Bc3 Kf2 53.Bb2 Ke1 54.Bc3+ 
Kd1 55.Bb2 Bf4 56.Bc3 Kc1 57.Ba1 Kb1 58.Bc3 Ka2 59.Be1 Kb3 60.Bh4 Bd6 0-1

[Event "32nd WCh U20 Girls"]
[Site "Pune IND"]
[Date "2014.10.07"]
[Round "2.22"]
[White "Pujari, Rucha"]
[Black "Ananya, Suresh"]
[Result "1-0"]
[WhiteElo "2113"]
[BlackElo "1853"]
[EventDate "2014.10.06"]
[PlyCount "145"]

1.d4 Nf6 2.Nf3 g6 3.g3 Bg7 4.Bg2 O-O 5.O-O d5 6.c4 dxc4 7.Na3 Nc6 8.Nxc4 
Be6 9.b3 Bd5 10.Bb2 a5 11.Ne3 Be4 12.a3 Re8 13.Nc4 Bd5 14.Rc1 e6 15.e3 Qe7
16.Qc2 Be4 17.Qe2 Bd5 18.Rfd1 h5 19.h4 Red8 20.Ne1 Bxg2 21.Kxg2 Ne8 22.Nd3
Nd6 23.Rh1 Nf5 24.Nc5 Rdb8 25.Qf3 Nd8 26.Rhd1 b6 27.Nd3 a4 28.b4 b5 29.Na5
Ra6 30.Nc5 Rab6 31.e4 Nh6 32.e5 Ng4 33.Rc2 Qe8 34.Ne4 c6 35.Bc1 Qd7 36.Bg5
Nb7 37.Nxc6 Re8 38.Nf6+ Nxf6 39.exf6 Bf8 40.Ne5 Qd5 41.Qxd5 exd5 42.Rc7 
Nd6 43.Rdc1 Rb7 44.Rxb7 Nxb7 45.Nxf7 Nd6 46.Nxd6 Bxd6 47.Rc6 Bf8 48.Rb6 
Rc8 49.Rxb5 Rc3 50.Ra5 Rxa3 51.b5 Rb3 52.Rxa4 Rxb5 53.Ra7 Rb4 54.Bf4 Rxd4 
55.f7+ Kh7 56.Bd6 Ra4 57.Rxa4 Bxd6 58.Ra7 Kg7 59.Rd7 Ba3 60.Kf3 Kf8 61.Kf4
Be7 62.Ke5 Kxf7 63.Kxd5 Kf6 64.Rb7 Ba3 65.f3 Bc1 66.g4 hxg4 67.fxg4 Bd2 
68.Rb6+ Kg7 69.g5 Be1 70.Rb7+ Kg8 71.Ke6 Bxh4 72.Kf6 Bf2 73.Kxg6 1-0

[Event "32nd WCh U20 Girls"]
[Site "Pune IND"]
[Date "2014.10.07"]
[Round "2.24"]
[White "Michelle Catherina"]
[Black "Tarini, Goyal"]
[Result "0-1"]
[WhiteElo "2114"]
[BlackElo "1868"]
[EventDate "2014.10.06"]
[PlyCount "106"]

1.e4 c5 2.b3 d6 3.Bb2 e5 4.Nc3 Ne7 5.Bc4 Nbc6 6.Nf3 h6 7.Nh4 Na5 8.Bb5+ 
Bd7 9.a4 g6 10.f4 Bg7 11.Bxd7+ Qxd7 12.Nd5 Nxd5 13.exd5 Qe7 14.Nf3 exf4+ 
15.Kf2 Bxb2 16.Re1 Be5 17.b4 cxb4 18.d4 f6 19.Qd3 Kf7 20.Rab1 Qc7 21.Rxb4 
Rac8 22.Re2 b6 23.Kf1 Qc3 24.Qb5 Rhd8 25.dxe5 fxe5 26.Rbe4 Nc4 27.Qa6 Rc7 
28.h4 Qa5 29.Qxa5 Nxa5 30.g3 fxg3 31.Rg4 Rdc8 32.Rg2 Rxc2 33.R2xg3 Rg8 34.
h5 g5 35.Nh4 Rc1+ 36.Ke2 Rc4 37.Rf3+ Rf4 38.Nf5 Rh8 39.Nxd6+ Ke7 40.Rfxf4 
exf4 41.Ne4 Nc4 42.Rg1 Nd6 43.Nc3 Kd7 44.Kf2 Rc8 45.Nb5 Nxb5 46.axb5 Kd6 
47.Rd1 Rc5 48.Ra1 Rxd5 49.Rxa7 g4 50.Rg7 g3+ 51.Kf3 Rxh5 52.Rg6+ Kc5 53.
Kxf4 Rg5 0-1

[Event "32nd WCh U20 Girls"]
[Site "Pune IND"]
[Date "2014.10.07"]
[Round "2.25"]
[White "Tejaswini, Sagar"]
[Black "Gagare, Shalmali"]
[Result "1/2-1/2"]
[WhiteElo "1876"]
[BlackElo "2088"]
[EventDate "2014.10.06"]
[PlyCount "131"]

1.e4 c6 2.d4 d5 3.Nc3 g6 4.Nf3 Bg7 5.h3 dxe4 6.Nxe4 Nd7 7.Bc4 Ngf6 8.Nxf6+
Nxf6 9.O-O O-O 10.Re1 Qc7 11.c3 Nd5 12.Bg5 e6 13.Qd2 b5 14.Bd3 Bb7 15.Rac1
Qd6 16.Bh6 a6 17.Ne5 Rfd8 18.Bxg7 Kxg7 19.Re4 Qe7 20.Nf3 h6 21.Rce1 c5 22.
Re5 cxd4 23.Nxd4 Nc7 24.Qf4 Qf6 25.Qxf6+ Kxf6 26.f4 Bd5 27.Be4 Rd6 28.Kf2 
Rc8 29.Bxd5 Nxd5 30.Ne2 Nb6 31.Nd4 Nc4 32.R5e2 b4 33.Nf3 bxc3 34.bxc3 Na3 
35.Nd2 Ke7 36.Ne4 Rdc6 37.Rc1 Nb5 38.Re3 f5 39.a4 fxe4 40.axb5 axb5 41.
Rxe4 Rxc3 42.Rxc3 Rxc3 43.Rb4 Rc5 44.Ke3 Rd5 45.Ke4 Kd6 46.Rb1 Rc5 47.Rb4 
Kc6 48.Rb2 Rd5 49.Rc2+ Kb6 50.Rb2 Kc5 51.Rc2+ Kb4 52.Rc6 Rd1 53.Rxe6 Re1+ 
54.Kd5 Rxe6 55.Kxe6 Kc3 56.g4 b4 57.f5 gxf5 58.gxf5 b3 59.f6 b2 60.f7 b1=Q
61.f8=Q Qe4+ 62.Kf7 Qf5+ 63.Kg7 Qxh3 64.Qf6+ Kd3 65.Qxh6 Qd7+ 66.Kh8 
1/2-1/2

[Event "32nd WCh U20 Girls"]
[Site "Pune IND"]
[Date "2014.10.07"]
[Round "2.26"]
[White "Harshita, Guddanti"]
[Black "Srija, Seshadri"]
[Result "0-1"]
[WhiteElo "1925"]
[BlackElo "2099"]
[EventDate "2014.10.06"]
[PlyCount "96"]

1.e4 e5 2.Nf3 Nc6 3.Bb5 a6 4.Ba4 Nge7 5.O-O g6 6.c3 Bg7 7.d4 exd4 8.cxd4 
b5 9.Bc2 d6 10.h3 O-O 11.Re1 Nb4 12.Bb3 c5 13.Nc3 c4 14.Bc2 Nxc2 15.Qxc2 
Nc6 16.Be3 f5 17.Nd5 h6 18.a3 fxe4 19.Qxe4 Bf5 20.Qh4 Qxh4 21.Nxh4 Nxd4 
22.Ne7+ Kh7 23.Bxd4 Bxd4 24.Nexf5 gxf5 25.Re7+ Kg8 26.Re6 Rf6 27.Re2 Rd8 
28.Rd1 Bc5 29.Rd5 Rdf8 30.Kf1 f4 31.Re7 a5 32.Rd2 b4 33.axb4 axb4 34.Rd7 
Ra8 35.Ke2 b3 36.Rb7 Rf7 37.Rb5 Ra2 38.Rb8+ Rf8 39.Rb7 Rf7 40.Rb8+ Kh7 41.
Kf3 c3 42.Re2 c2 43.Ree8 c1=Q 44.Rh8+ Kg7 45.Rbg8+ Kf6 46.Rxh6+ Ke7 47.
Ng6+ Kd7 48.Nf8+ Kc6 0-1

[Event "32nd WCh U20 Girls"]
[Site "Pune IND"]
[Date "2014.10.07"]
[Round "2.27"]
[White "Parnali, S. Dharia"]
[Black "Shristi Shetty, J."]
[Result "1-0"]
[WhiteElo "1904"]
[BlackElo "1907"]
[EventDate "2014.10.06"]
[PlyCount "59"]

1.d4 Nf6 2.c4 c5 3.d5 e6 4.Nc3 exd5 5.cxd5 d6 6.Nf3 g6 7.g3 Bg7 8.Bg2 O-O 
9.O-O a6 10.a4 Nbd7 11.Nd2 Rb8 12.Nc4 Nb6 13.Nxd6 Bg4 14.a5 Nbxd5 15.Bxd5 
Nxd5 16.Qxd5 Be6 17.Qxc5 f5 18.Bf4 g5 19.Be5 b6 20.axb6 Qxb6 21.Qxb6 Rxb6 
22.Bxg7 Kxg7 23.Rfd1 Bb3 24.Rd4 Kf6 25.Nc4 Bxc4 26.Rxc4 Rxb2 27.Rxa6+ Kg7 
28.e4 fxe4 29.Nxe4 h6 30.Rc7+ 1-0

[Event "32nd WCh U20 Girls"]
[Site "Pune IND"]
[Date "2014.10.07"]
[Round "2.28"]
[White "Divya Lakshmi, R."]
[Black "Azimova, Karina"]
[Result "0-1"]
[WhiteElo "1905"]
[BlackElo "2063"]
[EventDate "2014.10.06"]
[PlyCount "82"]

1.e4 Nf6 2.e5 Nd5 3.d4 d6 4.c4 Nb6 5.Nf3 g6 6.Nc3 Bg7 7.Bd3 O-O 8.Bf4 Nc6 
9.Qe2 Bg4 10.d5 Nxe5 11.Bxe5 Bxe5 12.h3 Bxf3 13.Qxf3 Nd7 14.Bc2 e6 15.h4 
Qf6 16.Qxf6 Nxf6 17.dxe6 fxe6 18.Ne4 Nxe4 19.Bxe4 c6 20.h5 g5 21.Rb1 d5 
22.Bd3 Bd4 23.f3 e5 24.Kd1 Rad8 25.Kc2 Rf4 26.Rbe1 Kh8 27.b3 Rdf8 28.h6 g4
29.Be2 gxf3 30.gxf3 Rg8 31.Rh2 Rf6 32.Kd3 Rg3 33.cxd5 cxd5 34.Rc1 Rc6 35.
Rxc6 bxc6 36.Kd2 Kg8 37.Rh5 Kf7 38.Bd3 Rxf3 39.Bxh7 e4 40.Rg5 Be3+ 41.Ke2 
Bxg5 0-1

[Event "32nd WCh U20 Girls"]
[Site "Pune IND"]
[Date "2014.10.07"]
[Round "2.29"]
[White "Terzidaki, Alexandra"]
[Black "Liu Manli"]
[Result "0-1"]
[WhiteElo "1902"]
[BlackElo "2039"]
[EventDate "2014.10.06"]
[PlyCount "108"]

1.e4 e6 2.d4 d5 3.Nc3 Nf6 4.e5 Nfd7 5.f4 c5 6.Nf3 Nc6 7.Be3 Be7 8.dxc5 
Bxc5 9.Qd2 O-O 10.O-O-O Qa5 11.a3 a6 12.Bxc5 Nxc5 13.Qe3 Qb6 14.Kb1 Qa7 
15.Bd3 Ne4 16.Qxa7 Nxc3+ 17.bxc3 Rxa7 18.Nd4 Bd7 19.g4 Rc8 20.Rhe1 Na5 21.
Kb2 b5 22.Re3 Nb7 23.Rh3 h6 24.Nb3 Nc5 25.Nxc5 Rxc5 26.Rg3 Kf8 27.Be2 Rac7
28.h4 a5 29.Rd2 g6 30.h5 Kg7 31.hxg6 fxg6 32.Bd1 Rc8 33.Rd4 Rf8 34.Rf3 g5 
35.fxg5 hxg5 36.Rxf8 Kxf8 37.Rd2 Kg7 38.Rf2 Rc4 39.Bf3 Rf4 40.Rf1 Bc6 41.
Kb3 Kg8 42.Bg2 Bd7 43.Rxf4 gxf4 44.c4 bxc4+ 45.Kc3 Ba4 46.g5 Kf7 47.Bh3 f3
48.Kd2 d4 49.c3 d3 50.Ke3 Bb3 51.Bg4 f2 52.Bh3 Kg6 53.Bf1 Kxg5 54.Kd2 Kf4 
0-1

[Event "32nd WCh U20 Girls"]
[Site "Pune IND"]
[Date "2014.10.07"]
[Round "2.30"]
[White "San Diego, Marie Antoinette"]
[Black "Anjana Krishna, S."]
[Result "0-1"]
[WhiteElo "2033"]
[BlackElo "1889"]
[EventDate "2014.10.06"]
[PlyCount "112"]

1.d4 d5 2.c4 e6 3.Nc3 Nf6 4.Nf3 c6 5.Bf4 dxc4 6.e4 b5 7.Qc2 Bb7 8.Be2 Be7 
9.O-O O-O 10.Rad1 Qa5 11.Bg5 h6 12.Bh4 Re8 13.Ne5 Nfd7 14.Bxe7 Rxe7 15.Ng4
Nf8 16.Qd2 Qb6 17.Qe3 Nbd7 18.Qg3 Kh8 19.Ne3 Ree8 20.Rfe1 Rac8 21.f4 Nh7 
22.Bf3 Rcd8 23.Qf2 Qc7 24.e5 Nb6 25.Be4 Nf8 26.Qf3 Nd5 27.Bxd5 exd5 28.a3 
a5 29.Ne2 c5 30.Nf5 cxd4 31.Nd6 d3 32.Nd4 Re7 33.N4xb5 Qc6 34.Qf2 Ba6 35.
Nd4 Qb6 36.Rd2 Rxd6 37.exd6 Rxe1+ 38.Qxe1 Qxd4+ 39.Rf2 Qe4 40.Qxa5 d2 41.
Qxd2 Qb1+ 42.Rf1 Qxf1+ 43.Kxf1 c3+ 44.Ke1 cxd2+ 45.Kxd2 Nd7 46.a4 Nb6 47.
b3 Kg8 48.Kc3 Kf8 49.Kd4 Ke8 50.a5 Nc8 51.Kxd5 Bb7+ 52.Kc5 Bxg2 53.b4 Kd7 
54.b5 Nxd6 55.a6 Nxb5 56.Kxb5 Ke6 0-1

[Event "32nd WCh U20 Girls"]
[Site "Pune IND"]
[Date "2014.10.07"]
[Round "2.31"]
[White "Shweta, Gole"]
[Black "Turkova, Karolina"]
[Result "1/2-1/2"]
[WhiteElo "1881"]
[BlackElo "2033"]
[EventDate "2014.10.06"]
[PlyCount "115"]

1.d4 d5 2.Nf3 Nf6 3.c4 c6 4.e3 e6 5.b3 Bd6 6.Bb2 O-O 7.Bd3 Nbd7 8.O-O Qc7 
9.Nbd2 Re8 10.Rc1 e5 11.dxe5 Nxe5 12.Bxe5 Bxe5 13.cxd5 Bg4 14.dxc6 Bxh2+ 
15.Kh1 Rad8 16.Qc2 Bd6 17.cxb7 Qxb7 18.Bf5 Qb5 19.Nd4 Qd5 20.N4f3 g6 21.
Bxg4 Nxg4 22.Kg1 Qh5 23.Rfe1 Bh2+ 24.Kf1 Bg3 25.fxg3 Qh1+ 26.Ng1 Nxe3+ 27.
Rxe3 Rxe3 28.Nf3 Rdd3 29.Qc8+ Kg7 30.Kf2 Qh5 31.Rc5 Qh6 32.Rc4 Re5 33.Rf4 
Rf5 34.Qc4 Rdd5 35.Qc3+ Kg8 36.Ne2 Qf8 37.Rc4 Rc5 38.Nd4 Rfd5 39.b4 Rxc4 
40.Qxc4 Qd8 41.Nc6 Qb6+ 42.Ke2 Rd6 43.Ne7+ Kf8 44.Nd5 Qd8 45.Ne3 Qf6 46.
Qc5 Kg8 47.Nd2 Ra6 48.Qc4 Ra3 49.Qc8+ Kg7 50.Qc2 Qa6+ 51.Kf3 Qb7+ 52.Qe4 
Qxe4+ 53.Nxe4 f5 54.Nd6 Rxa2 55.g4 fxg4+ 56.Nxg4 a6 57.b5 axb5 58.Nxb5 
1/2-1/2

[Event "32nd WCh U20 Girls"]
[Site "Pune IND"]
[Date "2014.10.07"]
[Round "2.32"]
[White "Supriya, Joshi"]
[Black "Fransson, Angelina"]
[Result "0-1"]
[WhiteElo "1857"]
[BlackElo "2019"]
[EventDate "2014.10.06"]
[PlyCount "132"]

1.e4 c5 2.Nf3 d6 3.d4 cxd4 4.Nxd4 Nf6 5.Nc3 e6 6.h3 Nc6 7.g4 h6 8.Bg2 Bd7 
9.Be3 Ne5 10.Qe2 Rc8 11.O-O-O a6 12.f4 Nc4 13.Rhe1 Qc7 14.Qd3 b5 15.g5 b4 
16.Nd5 Nxd5 17.exd5 e5 18.Nc6 Bxc6 19.dxc6 Nxe3 20.Rxe3 Be7 21.fxe5 dxe5 
22.Qd7+ Kf8 23.Rxe5 Qxd7 24.cxd7 Rd8 25.h4 hxg5 26.hxg5 Rh5 27.Bc6 Rxg5 
28.Rh1 g6 29.Rh8+ Kg7 30.Rxd8 Rxe5 31.Re8 Bg5+ 32.Kd1 Re6 33.Ba4 Rd6+ 34.
Ke2 f5 35.a3 bxa3 36.bxa3 Rd4 37.c4 Rxc4 38.Bb3 Rd4 39.Re6 Rxd7 40.Rxa6 
Rd2+ 41.Kf1 Be3 42.Re6 f4 43.a4 g5 44.a5 Rf2+ 45.Ke1 Rb2 46.Bc4 Bd2+ 47.
Kf1 Bxa5 48.Re5 Bd8 49.Be2 Kf6 50.Rd5 Bb6 51.Rd6+ Ke5 52.Rg6 Kf5 53.Rg8 
Rb1+ 54.Kg2 Rg1+ 55.Kh2 g4 56.Rf8+ Ke5 57.Re8+ Kd6 58.Rg8 g3+ 59.Kh3 Rh1+ 
60.Kg2 Rh2+ 61.Kf1 Rf2+ 62.Ke1 Ba5+ 63.Kd1 g2 64.Rg6+ Ke7 65.Rg7+ Kf6 66.
Rg8 Ke5 0-1

[Event "32nd WCh U20 Girls"]
[Site "Pune IND"]
[Date "2014.10.07"]
[Round "2.33"]
[White "Afraoui, Solenn"]
[Black "Salonika, Saina"]
[Result "1-0"]
[WhiteElo "1989"]
[BlackElo "1737"]
[EventDate "2014.10.06"]
[PlyCount "49"]

1.e4 c5 2.Nf3 d6 3.d4 cxd4 4.Nxd4 Nf6 5.Nc3 g6 6.Be3 Bg7 7.f3 O-O 8.Qd2 
Nc6 9.Bc4 Bd7 10.h4 Rc8 11.Bb3 Na5 12.g4 Nc4 13.Bxc4 Rxc4 14.O-O-O Qa5 15.
Nb3 Qa6 16.Bh6 Rfc8 17.Bxg7 Kxg7 18.e5 Nxg4 19.h5 Nxe5 20.hxg6 Nxg6 21.
Qh6+ Kg8 22.Rdg1 d5 23.Qxh7+ Kf8 24.Qh8+ Nxh8 25.Rxh8# 1-0

[Event "32nd WCh U20 Girls"]
[Site "Pune IND"]
[Date "2014.10.07"]
[Round "2.34"]
[White "Hilmi, Parveen"]
[Black "Caballero Quijano, Mitzy Mishell"]
[Result "1-0"]
[WhiteElo "1757"]
[BlackElo "1961"]
[EventDate "2014.10.06"]
[PlyCount "57"]

1.e4 e6 2.d4 d5 3.Nd2 c5 4.exd5 exd5 5.Ngf3 Nf6 6.Be2 Be7 7.O-O O-O 8.dxc5
Nbd7 9.b4 a5 10.c3 Qc7 11.Bb2 Rd8 12.Qc2 Nh5 13.Rfe1 Nf4 14.Bf1 Nf6 15.a3 
Bg4 16.c4 Ng6 17.h3 Bxf3 18.Nxf3 axb4 19.axb4 Rxa1 20.Bxa1 b6 21.cxb6 Qxb6
22.b5 Rc8 23.Qf5 Rd8 24.Bd4 Qc7 25.Rc1 dxc4 26.Bxc4 Rd5 27.Qc2 Nf4 28.Bxd5
Ne2+ 29.Kh1 1-0

[Event "32nd WCh U20 Girls"]
[Site "Pune IND"]
[Date "2014.10.07"]
[Round "2.35"]
[White "Bakshi, Rutuja"]
[Black "Djogteva, Jekaterina"]
[Result "1-0"]
[WhiteElo "1959"]
[BlackElo "1754"]
[EventDate "2014.10.06"]
[PlyCount "55"]

1.d4 f5 2.Nf3 Nf6 3.c4 g6 4.Nc3 Bg7 5.g3 d6 6.Bg2 c6 7.O-O O-O 8.d5 e5 9.
dxe6 Bxe6 10.Qd3 Na6 11.Ng5 Qd7 12.Bf4 Ne8 13.Na4 h6 14.Nxe6 Qxe6 15.h4 
Rd8 16.Be3 Ra8 17.Rad1 Qe7 18.Qd2 Kh7 19.Rfe1 Qe6 20.b3 Nac7 21.Qb4 Qc8 
22.Bf4 Na6 23.Qd2 Rf6 24.e4 fxe4 25.Bxe4 Qd7 26.h5 Rxf4 27.Qxf4 Be5 28.
Bxg6+ 1-0

[Event "32nd WCh U20 Girls"]
[Site "Pune IND"]
[Date "2014.10.07"]
[Round "2.36"]
[White "Lalaoui, Feriel"]
[Black "Barbosa, Larissa Ichimura"]
[Result "0-1"]
[WhiteElo "1739"]
[BlackElo "1975"]
[EventDate "2014.10.06"]
[PlyCount "94"]

1.e4 e6 2.d4 d5 3.Nd2 Nf6 4.e5 Nfd7 5.Bd3 c5 6.c3 Nc6 7.Ne2 cxd4 8.cxd4 f6
9.Nf4 Nxd4 10.Qh5+ Ke7 11.exf6+ Nxf6 12.Ng6+ hxg6 13.Qxh8 Kf7 14.O-O e5 
15.Nb3 Nxb3 16.axb3 Bf5 17.Bxf5 gxf5 18.Bg5 Qb6 19.Qh3 g6 20.Qh8 Qd8 21.
Rfd1 d4 22.Rac1 Bd6 23.Qh4 Qh8 24.Bxf6 Qxf6 25.Qh7+ Qg7 26.Qxg7+ Kxg7 27.
f4 Rd8 28.fxe5 Bxe5 29.Rd3 Kf6 30.h3 Ke6 31.Kf2 Kd5 32.Kf3 g5 33.b4 b6 34.
b5 Rg8 35.g4 f4 36.Ra3 Rh8 37.Ke2 Re8 38.Kd3 Bd6 39.Ra4 Re3+ 40.Kc2 Rxh3 
41.Rd1 Be5 42.Rxa7 Kc4 43.Re7 Rh2+ 44.Kc1 Re2 45.Re6 f3 46.Rc6+ Kxb5 47.
Rc8 f2 0-1

[Event "32nd WCh U20 Girls"]
[Site "Pune IND"]
[Date "2014.10.07"]
[Round "2.37"]
[White "Potluri, Supreetha"]
[Black "Hinduja, Reddy"]
[Result "0-1"]
[WhiteElo "1738"]
[BlackElo "1934"]
[EventDate "2014.10.06"]
[PlyCount "100"]

1.d4 Nf6 2.Bf4 g6 3.Nf3 Bg7 4.e3 c5 5.c3 cxd4 6.exd4 O-O 7.Be2 d6 8.O-O 
Nc6 9.Nbd2 Re8 10.Nb3 Nd5 11.Bg3 e5 12.dxe5 dxe5 13.Re1 Bg4 14.h3 Bf5 15.
Bb5 e4 16.Nfd4 Bd7 17.Nxc6 Bxc6 18.Bxc6 bxc6 19.Qc2 f5 20.Rad1 Qb6 21.Bd6 
Qd8 22.Bc5 Qg5 23.Rxd5 cxd5 24.c4 f4 25.Rd1 dxc4 26.Qxc4+ Kh8 27.Rd7 f3 
28.g3 Qf5 29.Rxg7 Kxg7 30.Bd4+ Kf8 31.Bc5+ Kg7 32.Bd4+ Kf8 33.Bc5+ Re7 34.
g4 Qe5 35.Nd4 Qf6 36.Bxe7+ Kxe7 37.Qc7+ Ke8 38.Nc6 Qe6 39.Ne5 Rc8 40.Qg7 
Rc1+ 41.Kh2 Rc5 42.Qh8+ Ke7 43.Qxh7+ Kd6 44.Nxg6 e3 45.Qg7 e2 46.Qf8+ Kc6 
47.Qa8+ Kb6 48.Qd8+ Kb7 49.Qf8 e1=Q 50.Qxc5 Qc6 0-1

[Event "32nd WCh U20 Girls"]
[Site "Pune IND"]
[Date "2014.10.07"]
[Round "2.38"]
[White "Aakanksha, Hagawane"]
[Black "Samudin, Elina"]
[Result "1-0"]
[WhiteElo "1918"]
[BlackElo "1623"]
[EventDate "2014.10.06"]
[PlyCount "87"]

1.e4 c6 2.d4 d5 3.exd5 cxd5 4.Bd3 Nc6 5.Nf3 Bg4 6.c3 Nf6 7.O-O e6 8.Re1 
Bd6 9.Nbd2 Qc7 10.Nf1 Rb8 11.Bg5 a6 12.Ng3 O-O 13.h3 Bh5 14.Nxh5 Nxh5 15.
Ne5 g6 16.Ng4 Be7 17.Bh6 Ng7 18.Qf3 Qd8 19.Bf4 Bd6 20.Bxd6 Qxd6 21.Nh6+ 
Kh8 22.Nxf7+ Rxf7 23.Qxf7 b5 24.Qf3 Rf8 25.Qg3 Qe7 26.Rad1 Nh5 27.Qe3 Qf7 
28.Be2 Nf4 29.Bg4 Nd8 30.g3 h5 31.Qxf4 Qxf4 32.gxf4 hxg4 33.hxg4 Rxf4 34.
Rd3 Rxg4+ 35.Rg3 Rxg3+ 36.fxg3 Kg7 37.a4 b4 38.cxb4 Nc6 39.b5 axb5 40.axb5
Nxd4 41.b6 Kf7 42.b7 Nc6 43.Rc1 Nb8 44.Rc8 1-0

[Event "32nd WCh U20 Girls"]
[Site "Pune IND"]
[Date "2014.10.07"]
[Round "2.39"]
[White "Cuvelier, Annelies"]
[Black "Sunyasakta, Satpathy"]
[Result "0-1"]
[WhiteElo "1619"]
[BlackElo "1926"]
[EventDate "2014.10.06"]
[PlyCount "68"]

1.e4 e5 2.Nf3 Nc6 3.Bb5 a6 4.Ba4 Nf6 5.O-O b5 6.Bb3 Be7 7.Re1 d6 8.c3 O-O 
9.d4 Bg4 10.d5 Na5 11.Bc2 c5 12.h3 Bc8 13.Nbd2 Re8 14.Nf1 Bf8 15.Bg5 h6 
16.Bc1 Rb8 17.b3 g6 18.Ng3 Bg7 19.Nh2 Rb7 20.Be3 Rbe7 21.Ng4 Nxg4 22.hxg4 
Rb7 23.f3 Bf6 24.Bxh6 Bh4 25.Kf2 g5 26.Rh1 Qf6 27.Bxg5 Qxg5 28.Rh3 Bxg3+ 
29.Kxg3 Bxg4 30.Kh2 Bxh3 31.gxh3 Kh8 32.Qe2 Rg8 33.Rf1 Qf4+ 34.Kh1 f6 0-1

[Event "32nd WCh U20 Girls"]
[Site "Pune IND"]
[Date "2014.10.08"]
[Round "3.1"]
[White "Khaled, Mouna"]
[Black "Arabidze, Meri"]
[Result "1/2-1/2"]
[WhiteElo "2191"]
[BlackElo "2409"]
[EventDate "2014.10.06"]
[PlyCount "168"]

1.Nf3 f5 2.g3 Nf6 3.Bg2 e6 4.O-O d5 5.d4 Bd6 6.c4 c6 7.b3 Qe7 8.Bb2 O-O 9.
Qc1 b6 10.Ba3 Bb7 11.Bxd6 Qxd6 12.Qa3 Qd8 13.Nc3 a5 14.Rac1 Na6 15.e3 Nb4 
16.Rfd1 Nd7 17.Qb2 Qe7 18.Ne2 Rac8 19.h4 Nf6 20.Nf4 Ne4 21.Ne5 Rfd8 22.Bf1
c5 23.a3 Na6 24.cxd5 exd5 25.Bxa6 Bxa6 26.dxc5 bxc5 27.Nxd5 Qb7 28.Nf4 c4 
29.Ne2 g6 30.Rxd8+ Rxd8 31.Nd4 c3 32.Qa2 Rc8 33.b4+ Kg7 34.f3 Nd2 35.Ne6+ 
Kf6 36.Nd4 Bc4 37.Nxc4 Rxc4 38.Rxc3 Rxc3 39.Qxd2 axb4 40.axb4 Qxb4 41.Ne2 
Rb3 42.Qd8+ Kg7 43.Nf4 Qe1+ 44.Kh2 Rb2+ 45.Ng2 Qxe3 46.Kh3 Qe2 47.Qc7+ Kf8
48.Qd8+ Kf7 49.Qc7+ Qe7 50.Qc4+ Qe6 51.Qc7+ Qe7 52.Qc4+ Kg7 53.Qc3+ Qf6 
54.Qc7+ Kg8 55.Qc8+ Kf7 56.Qc7+ Kg8 57.Qc8+ Kg7 58.Qc7+ Kh6 59.Qc1+ f4 60.
Nxf4 Qf5+ 61.g4 Qc2 62.Qxc2 Rxc2 63.Ne6 g5 64.hxg5+ Kg6 65.f4 Rf2 66.Kg3 
Rf1 67.Kg2 Re1 68.f5+ Kf7 69.Nf4 Re3 70.Kf2 Ra3 71.Nd5 Rb3 72.Ne3 Ra3 73.
Kf3 Ra4 74.Kg3 Rd4 75.Ng2 Ra4 76.Nf4 Ra3+ 77.Kh4 Ra1 78.g6+ hxg6 79.Nxg6 
Kf6 80.Nf4 Rh1+ 81.Kg3 Rf1 82.Nd5+ Kg5 83.Kg2 Rxf5 84.gxf5 Kxf5 1/2-1/2

[Event "32nd WCh U20 Girls"]
[Site "Pune IND"]
[Date "2014.10.08"]
[Round "3.2"]
[White "Nandhidhaa, P. V."]
[Black "Pustovoitova, Daria"]
[Result "0-1"]
[WhiteElo "2144"]
[BlackElo "2354"]
[EventDate "2014.10.06"]
[PlyCount "144"]

1.e4 c5 2.b3 Nc6 3.Bb2 d6 4.Bc4 e6 5.Nf3 a6 6.d4 b5 7.Be2 cxd4 8.Nxd4 Nxd4
9.Qxd4 Bb7 10.Nd2 d5 11.O-O-O Nf6 12.exd5 Bxd5 13.Bf3 Rc8 14.Ne4 Bxe4 15.
Qxd8+ Rxd8 16.Rxd8+ Kxd8 17.Bxf6+ gxf6 18.Rd1+ Kc7 19.Bxe4 f5 20.Bd3 h5 
21.c4 b4 22.Kd2 h4 23.Ke2 Bd6 24.g3 hxg3 25.hxg3 Rh2 26.Kf3 Bc5 27.Rd2 a5 
28.Bc2 Kb6 29.Bb1 Rh1 30.Bc2 Rh2 31.Bb1 Kc6 32.Bc2 Be7 33.Kf4 Bf8 34.Kf3 
Kc7 35.Rd1 Be7 36.Bb1 Kc6 37.Bc2 Bf6 38.Rd2 Bc3 39.Rd1 Kc5 40.Bd3 Bd4 41.
Rd2 Rh1 42.Be2 Ra1 43.Rc2 e5 44.Rd2 Rg1 45.Bd1 e4+ 46.Ke2 Rh1 47.Bc2 Rh2 
48.Kd1 Rg2 49.Bb1 Rg1+ 50.Kc2 Rf1 51.Re2 Bxf2 52.g4 fxg4 53.Rxe4 g3 54.Rg4
f5 55.Rg5 Kd4 56.Kb2 Rxb1+ 57.Kxb1 Ke4 58.Kc2 Kf4 59.Rg7 Kf3 60.Rg5 f4 61.
c5 g2 62.c6 Bb6 63.Kd3 Kf2 64.Ke4 Bc7 65.Rg7 g1=Q 66.Rxc7 f3 67.Kd5 Qg5+ 
68.Kd6 Qf6+ 69.Kd5 Kg2 70.Rd7 f2 71.c7 f1=Q 72.c8=Q Q1f5+ 0-1

[Event "32nd WCh U20 Girls"]
[Site "Pune IND"]
[Date "2014.10.08"]
[Round "3.3"]
[White "Furtado, Ivana Maria"]
[Black "Padmini, Rout"]
[Result "1/2-1/2"]
[WhiteElo "2165"]
[BlackElo "2331"]
[EventDate "2014.10.06"]
[PlyCount "66"]

1.Nf3 Nf6 2.c4 g6 3.Nc3 d5 4.cxd5 Nxd5 5.Qb3 Nb6 6.d4 Bg7 7.Bf4 O-O 8.e3 
c6 9.Rd1 N8d7 10.Be2 Nf6 11.h3 Be6 12.Qa3 h6 13.Ne5 a5 14.O-O Qd6 15.Qc5 
Qxc5 16.dxc5 Nbd5 17.Nxd5 Nxd5 18.Bh2 a4 19.Rd4 a3 20.e4 Nf6 21.bxa3 Rxa3 
22.Bc4 Bxc4 23.Rxc4 Rxa2 24.Rb4 Rc2 25.Rxb7 Nxe4 26.Nxc6 Nxc5 27.Rc7 Kh7 
28.Nxe7 Rd8 29.Bf4 Rd7 30.Rxd7 Nxd7 31.Rc1 Re2 32.Be3 Ne5 33.Nc6 Nxc6 
1/2-1/2

[Event "32nd WCh U20 Girls"]
[Site "Pune IND"]
[Date "2014.10.08"]
[Round "3.4"]
[White "Pratyusha, Bodda"]
[Black "Nguyen Thi Mai Hung"]
[Result "1/2-1/2"]
[WhiteElo "2078"]
[BlackElo "2299"]
[EventDate "2014.10.06"]
[PlyCount "68"]

1.d4 d5 2.c4 c6 3.Nc3 Nf6 4.e3 e6 5.Nf3 Nbd7 6.Bd3 Bd6 7.e4 dxe4 8.Nxe4 
Nxe4 9.Bxe4 O-O 10.O-O h6 11.Bc2 e5 12.Re1 exd4 13.Qxd4 Nf6 14.Bxh6 Bxh2+ 
15.Kxh2 Qxd4 16.Nxd4 gxh6 17.f3 Rd8 18.Rad1 c5 19.Nb5 Bd7 20.Nd6 b6 21.g4 
Kf8 22.Kg3 Be6 23.Bf5 Ne8 24.Be4 Rab8 25.Nxe8 Rxe8 26.b3 Kg7 27.Kf4 Rbd8 
28.Rh1 Rh8 29.Kg3 Rhe8 30.Kf4 Rh8 31.Rxd8 Rxd8 32.g5 hxg5+ 33.Kxg5 f6+ 34.
Kf4 Rh8 1/2-1/2

[Event "32nd WCh U20 Girls"]
[Site "Pune IND"]
[Date "2014.10.08"]
[Round "3.5"]
[White "Imeeva, Aysa"]
[Black "Petrukhina, Irina"]
[Result "1/2-1/2"]
[WhiteElo "2077"]
[BlackElo "2218"]
[EventDate "2014.10.06"]
[PlyCount "76"]

1.e4 c5 2.Nf3 d6 3.d4 cxd4 4.Nxd4 Nf6 5.Nc3 a6 6.Be2 e6 7.O-O Be7 8.f4 O-O
9.Kh1 Qc7 10.Qe1 Nc6 11.Be3 Nxd4 12.Bxd4 e5 13.fxe5 dxe5 14.Qg3 Bd6 15.
Rxf6 exd4 16.Qxd6 Qxd6 17.Rxd6 dxc3 18.bxc3 Be6 19.Rb6 Rfc8 20.Rxb7 Rxc3 
21.Bd3 Rac8 22.h3 Bc4 23.Rd7 Kf8 24.Bxc4 R8xc4 25.Rf1 f6 26.e5 Rc6 27.exf6
gxf6 28.Rxh7 Rxc2 29.Kh2 Kg8 30.Ra7 Rxa2 31.Rd1 Rc8 32.Rdd7 f5 33.Rg7+ Kh8
34.Rgf7 Kg8 35.Rxf5 Rcc2 36.Rg5+ Kf8 37.h4 a5 38.Raxa5 Rxg2+ 1/2-1/2